Movies Quiz

Random Movies or Alphabet Quiz

Movie Title Actors (A-Z) Quiz Stats

 Plays Quiz Updated Feb 14, 2018

Challenge
Share
Tweet
Embed
Score 0/26 Timer 05:00
2 Plays Today
Movie Actor % Correct
The Curious Case of ·Benjamin· ButtonBrad Pitt
95.2%
·Ocean's· Eleven (2001)George Clooney
89.2%
When ·Harry· Met SallyBilly Crystal
77.2%
·Django· UnchainedJamie Foxx
77.2%
·Wayne's· WorldMike Myers
74.6%
·Evan· AlmightySteve Carell
72.9%
Along Came ·Polly·Jennifer Aniston
71.3%
Cool Hand ·Luke·Paul Newman
64.7%
·Thelma· and LouiseGeena Davis
61.7%
My Cousin ·Vinny·Joe Pesci
61.2%
The Life Aquatic with Steve ·Zissou·Bill Murray
61%
xXx: Return of ·Xander· CageVin Diesel
60.1%
·Fletch· LivesChevy Chase
57.6%
Movie Actor % Correct
Citizen ·Kane·Orson Welles
56%
Blue ·Jasmine·Cate Blanchett
51.4%
(500) Days of ·Summer·Zooey Deschanel
49.8%
·Rosemary's· BabyMia Farrow
47.4%
The World According to ·Garp·Robin Williams
46.6%
Still ·Alice·Julianne Moore
46.4%
Me, Myself & ·Irene·Renée Zellweger
46.2%
Forgetting Sarah ·Marshall·Kristen Bell
45.8%
·Napoleon· DynamiteJon Heder
40%
Vicky ·Cristina· BarcelonaScarlett Johansson
33.8%
·Quigley· Down UnderTom Selleck
32.7%
·Ulee's· GoldPeter Fonda
28.2%
Sergeant ·York·Gary Cooper
18.8%

You're not logged in!

Compare scores with friends on all Sporcle quizzes.
Join for Free
OR
Log In

You Might Also Like...

Show Comments

Extras

Top Quizzes Today


Score Distribution

Your Account Isn't Verified!

In order to create a playlist on Sporcle, you need to verify the email address you used during registration. Go to your Sporcle Settings to finish the process.

Report this User

Report this user for behavior that violates our Community Guidelines.

Details: